Представление документа в формате MARC21

Поле Инд. ПП Название Значение
Тип записи a
Библиографический уровень m
001 _ Контрольный номер RU\infra-m\znanium\bibl\1087952
005 _ Дата корректировки 20250915104123.2
008 Кодируемые данные 200227s2020 RU g rus u
020 a ISBN 978-5-16-015719-1
020 a ISBN 978-5-16-108141-9
040 a Служба первич. каталог. Общество с ограниченной ответственностью «ЗНАНИУМ»
041 a Код языка текста rus
044 a Код страны публикации RU
080 a Индекс УДК 796(075.8)
084 2 Источник индекса rubbk
a Индекс другой классификации/Индекс ББК 75я73
084 2 Источник индекса okso
a Индекс другой классификации/Индекс ББК 00.05.14
084 2 Источник индекса okso
a Индекс другой классификации/Индекс ББК 00.03.14
084 2 Источник индекса okso
a Индекс другой классификации/Индекс ББК 31.02.01
100 1_ a Автор Филиппова Юлия Семеновна
q Полное имя Юлия Семеновна
245 a Заглавие Физическая культура
b Продолж. заглавия Учебно-методическая литература
c Ответственность Новосибирский государственный педагогический университет
250 a Основные сведения об издании 1
260 a Место издания Москва
b Издательство ООО "Научно-издательский центр ИНФРА-М"
c Дата издания 2020
300 a Объем 201 с.
520 a Аннотация Учебно-методическое пособие посвящено вопросам организации занятий по физической культуре со студентами очно-заочного отделения. Приводятся краткие сведения по анатомии, физиологии человека, теории и методике физического воспитания.
521 a Примеч. о целев. назн. ВО - Бакалавриат
650 a Основная рубрика Спорт. Самооборона. Физкультура
x Основная подрубрика Физкультура
852 x Примечание, не предназначенное для пользователя znanium2022
856 4_ a Имя сервера/домена znanium.com
m Помощь ebs_support@infra-m.ru
n Местонахождение сервера НИЦ ИНФРА-М
u URL http://znanium.com/catalog/document?id=357459
z Примечание для пользователя Участвует в КО
856 41 a Имя сервера/домена znanium.com
d Путь /cover/1087
f Электронное имя 1087952.jpg
q Тип электронного формата image/jpeg
u URL https://znanium.com/cover/1087/1087952.jpg